| 000 | 00552cam a22001931 4500 | ||
|---|---|---|---|
| 001 | af 47004863 | ||
| 003 | DLC | ||
| 005 | 20260227110828.0 | ||
| 008 | 890623s1945 be 000 0 dut c | ||
| 010 | _aaf 47004863 | ||
| 035 | _a(OCoLC)19918310 | ||
| 040 |
_aNew York. Public library _cCU _dDLC |
||
| 042 | _apremarc | ||
| 050 | 0 | 0 |
_aPT6458.V65 _bG4 |
| 100 | 1 | _aVos, Sander. | |
| 245 | 1 | 3 |
_aDe gefopte feldgendarm; _bblijspel in een bedrijf, _cdoor Sander Vos. |
| 260 |
_aKortrijk, _bTooneelfonds Palmer Putman, _c1945. |
||
| 300 |
_a74, [1] p. _c21 cm. |
||
| 999 |
_c2833 _d2833 |
||